| 000 | 01214nam a2200289Ia 4500 | ||
|---|---|---|---|
| 001 | 91911 | ||
| 003 | IT-RoPAU | ||
| 008 | 130308s9999 xx 000 0 und d | ||
| 040 | _aIT-RoPAU | ||
| 040 | _cIT-RoPAU | ||
| 041 | _aITALIANO | ||
| 100 | _aBarbi Augusto | ||
| 100 | _gCodice Aut. SPICS: 32134 | ||
| 245 | _aMissione negli atti degli apostoli (La) | ||
| 245 | _bMissione nel Mondo Antico e nella Bibbia (La) | ||
| 250 | _a1a ed. | ||
| 260 | _aBOLOGNA | ||
| 260 | _bEDB - Edizioni Dehoniane | ||
| 260 | _c1990 [1° Ed.:1990 - Ed.Ling.Originale:1988] | ||
| 300 | _a"28 p. (prefazione: no ; testo: 28 [pagine: 127-154])" | ||
| 500 | _aMandato missionario del Risorto Prospettiva cristologica e Discepolare Prospettiva Ecclesiologica ed Escatologica Elementi comuni Cristo Primo responsabile della missione nella forza Dello Spirito Spirito e Cristo nella missione Abilitazione All'Annuncio della Parola Espansione della missione e Guida dei missionari Opera dei testimoni a Tutte le nazioni Cominciando da Gerusalemme missione e Situazione della Chiesa Lucana | ||
| 650 | _aSTUDI/COMMENTI SULLA BIBBIA | ||
| 650 | _eCodice materia Spics: 9052 | ||
| 942 | _cBK | ||
| 957 | _71 | ||
| 999 |
_c86828 _d86828 |
||
| 999 | _g1 | ||